[Event "ARM-ch"]
[Site "Yerevan"]
[Date "1999.10.17"]
[Round "2"]
[White "Sargissian, Gabriel"]
[Black "Asrian, Karen"]
[Result "1/2-1/2"]
[WhiteElo "2470"]
[BlackElo "2575"]
[Annotator "Ribli,Z"]
[PlyCount "125"]
[EventDate "1999.10.16"]
[EventType "tourn"]
[EventRounds "11"]
[EventCountry "ARM"]
[EventCategory "10"]
[SourceTitle "CBM 074"]
[Source "ChessBase"]
[SourceDate "2000.02.01"]
[SourceVersion "1"]
[SourceVersionDate "2000.02.01"]
[SourceQuality "1"]

{[%mdl 1040]} 1. d4 d5 2. c4 e6 3. Nf3 Nf6 4. g3 Be7 5. Bg2 O-O 6. O-O c6 {
Schwarz wählt das geschlossene System. Er nimmt nicht auf c4, entwickelt
zuerst den Damenflügel und muss später - für gewöhnlich - c6-c5 spielen.} 7.
Qc2 b6 8. b3 Nbd7 9. Bb2 (9. Rd1 $5 {Dieser nützliche Wartezug ist
chancenreich und in Abhängigkeit von der Entwicklung des c8-Läufers entwickelt
Weiss den b1-Springer: 9...Ba6 10.Nd2; 9...Bb7 10.Nc3.}) 9... Bb7 10. Nbd2 (10.
Nc3) 10... Rc8 11. Rac1 (11. e4 c5 12. exd5 exd5 13. dxc5 dxc4 14. Nxc4 Rxc5 $5
$146 (14... b5 15. Nce5 Rxc5 16. Qe2 $11) (14... Be4) 15. Bd4 Rh5 $5 16. Ne3 $6
(16. Rad1 $13) 16... Bc5 $1 $15 {0-1 Badea,B-Nisipeanu,L/Romania 74/506 1999/
Inf 74/[Nisipeanu,LD; Stoica,V] (39)}) 11... b5 {Gewöhnlich spielt man hier 11.
..c5, aber der Textzug ist auch möglich in solchen Stellungen.} (11... c5 12.
Qb1 Rc7 (12... dxc4 13. Nxc4 b5 14. Ncd2 (14. Nce5 cxd4 15. Nxd7 Nxd7 16. Bxd4
Qa5 17. Rxc8 Bxc8 18. Rd1 Rd8 19. Be3 b4 20. Qc2 Bb7 21. Ne1 Bxg2 22. Nxg2 a6
23. Nf4 {1-0 Speelman,J-Welling,G/Tilburg 1993/CBM 39 (36)}) (14. Ne3 Qb6 15.
Rfd1 Rfd8 16. dxc5 Bxc5 17. Bd4 Bxd4 18. Nxd4 Nc5 19. Bxb7 Qxb7 20. Nf3 Rxd1+
21. Rxd1 Nce4 22. Qb2 h6 23. Rc1 a6 24. Nd2 Rd8 25. Nxe4 Nxe4 26. Qe5 Ng5 27.
f3 Rd2 28. Nf1 Rxa2 29. Qe3 Qd7 30. Rc3 {0-1 Keitlinghaus,L-Spassky,B/BL8889
1989/GER-chT (30)}) 14... cxd4 15. Rxc8 Qxc8 16. Bxd4 Qa8 17. Qa1 Rc8 18. Rc1
a6 19. Rxc8+ Qxc8 20. Qc3 Qxc3 21. Bxc3 {1/2-1/2 Lengyel,L-Tal,M/Hastings 1963/
EXT 99 (30)}) 13. cxd5 Bxd5 (13... exd5 14. Rfd1 Re8 15. e3 Bd6 16. Qa1 Qe7 17.
Re1 Ba6 18. e4 Nxe4 19. Nxe4 dxe4 20. Nh4 Qg5 21. Bxe4 Nf6 22. Bg2 Rce7 {
0-1 Nguyen Tran Quang Minh-Bakre,T/Vung Tau City VIE 1999 (49)}) 14. e4 Bb7 15.
e5 Nd5 16. Ne4 h6 17. Rfe1 Qb8 18. Rcd1 c4 {0-1 Zeit! Hardicsay,P-Varga,P/HUN
tt 1999 (37)}) 12. c5 {Mit diesem Zug sichert sich Weiss Raumvorteil und
möchte im Zentrum - nach Vorbereitung - mit e2-e4 sprengen oder mit b3-b4,
a2-a4, Nd2-b3-a5 am Damenflügel spielen.} (12. e4 dxe4 13. Nxe4 c5 $11 {
[%cal Gc8c1]}) 12... b4 $5 {Schwarz wartet nicht und verhindert den Plan mit
b4-a4-Nb3. Aber der Textzug ist riskant, denn der b4P ist eine potentielle
Schwäche.} 13. Ne1 $14 {[%cal Ge1d3,Gd3b4] Der Springer zielt nach b4.} a5 14.
Nd3 Ne8 {[%cal Ge8c7,Gc7b5,Gb5a3,Gb5c3]} 15. Ra1 {[%cal Ga2a3] Weiss bereitet
ein Spiel am Damenflügel vor.} (15. e4 $14) 15... Ba6 {[%cal Ga6f1]} 16. f4 {
Weiss verhindert das eventuelle schwarze Gegenspiel mit e6-e5 und gewinnt
weiteren Raum, aber er schwächt den Punkt e4.} (16. a3 $5 e5 17. axb4 Bxd3 18.
exd3 axb4 19. dxe5 Nxc5 20. d4 $14) 16... Bf6 {[%cal Gf6b2]} 17. a3 Bxd3 18.
exd3 $13 {Weiss muss so nehmen, wonach seine Bauernstruktur geschwächt wird,
aber wegen der schwarzen Schwächen am Damenflügel (a5, b4-Bauern) hat er auch
sein Spiel.} (18. Qxd3 $2 Nxc5 $17 {[%cal Gf6b2]}) 18... g6 {[%csl Yf5][%cal
Ge8g7,Gg7f5]} 19. axb4 axb4 20. Ra4 Ng7 {[%cal Gg7f5] Der Springer zielt nach
f5.} (20... Rb8) 21. Bh3 {Gegen Ng7-f5 gerichtet.} (21. Rxb4 $5 Nf5 {[%cal
Rf5e3,Re3c2,Re3f1]} 22. Re1 $14) 21... Rb8 22. Nf3 {[%cal Gf3e5]} Qc7 23. Rfa1
$14 {[%cal Ga1a8] Weiss hat das bessere Figurenspiel - er kontrolliert die
a-Linie stark und kann Ne5 spielen.} Nf5 {Schwarz hat nur eine einzige
Schwäche - den b4P - sonst ist seine Stellung gesund.} 24. Qd2 {[%cal Rd2b4,
Ra4b4]} Rb7 25. Bxf5 {Früher oder später muss Weiss den Läufer gegen den
starken Springer tauschen, aber ich bin nicht ganz sicher, ob das der richtige
Moment ist.} (25. Ne5 $14) 25... exf5 26. Rxb4 (26. Ne5 $14) 26... Rxb4 27.
Qxb4 Rb8 $44 {Schwarz hat einen Bauern weniger, aber der b3P ist eine Schwäche
in der weissen Stellung.} 28. Qc3 Qb7 {[%csl Rb3][%cal Rb8b3]} 29. Ra3 Nf8 {
[%cal Gf8e6,Ge6d4]} 30. Ne5 Ne6 {[%csl Ra3,Rb2,Rb3,Ge6][%cal Gb8b2] Weiss hat
einen Bauern mehr, aber Schwarz steht nicht schlechter. Der Springer steht
ausgezeichnet auf e6.} 31. Qd2 Bxe5 (31... Bg7 $44) 32. fxe5 Kg7 (32... Ra8 33.
Rxa8+ Qxa8 $44) 33. Bc3 {[%csl Rc3] Der Läufer hat nur eine Verteidigungsrolle
hinter der "Steinwand".} h5 $1 $132 {[%cal Gh5h4]} 34. b4 h4 {Weil Weiss sich
mit dem Damenflügel beschäftigt, bekommt Schwarz Gegenspiel am Königsflügel.}
35. Ra5 hxg3 36. hxg3 Rh8 {[%csl Rg1,Gh8][%cal Gh8h1]} 37. Qf2 (37. Kg2 Rh7 {
[%cal Gb7c8,Gc8h8,Gh8h1]}) (37. Qe3 Rh3 {[%csl Re3,Rg1][%cal Rf5f4,Gh3e3]})
37... Ng5 {[%csl Gg5][%cal Rg5h3,Rh3f2,Rh3g1]} 38. Qe3 f4 $1 $40 {Schwarz
opfert einen weiteren Bauern für Aktivität.} 39. gxf4 Rh3 {Schwarz hat
gefährlichen Angriff.} 40. Qe2 (40. Qf2 Qc8 {[%cal Rc8g4,Rg4g1]} 41. fxg5 Qg4+
42. Qg2 Rg3 43. Ra2 Qxg5 $19) 40... Nf3+ 41. Kg2 Qc8 {[%csl Rg2][%cal Rc8g4,
Rg4g2]} (41... Rh2+ 42. Kxf3 Rxe2 43. Kxe2 $11 {Materiell steht Weiss
schlechter, aber wie kann Schwarz seine Stellung verbessern?}) 42. Qxf3 $8 {
Weisss muss die Dame abgeben, sonst hätte Schwarz entscheidende Angriff.} Rxf3
43. Kxf3 Qh3+ {[%csl Rf3]} 44. Ke2 Qh2+ {[%cal Rh2e2,Rh2f4]} 45. Ke3 Qg3+ 46.
Ke2 {Weiss kann den f4P nicht verteidigen.} Qxf4 $15 47. b5 $132 cxb5 48. Rxb5
g5 {[%cal Rg5g4,Rg4g3,Rg3g2,Rg2g1,Rc5c6,Rc6c7,Rc7c8]} 49. c6 {Beide Spieler
haben gefährliche Freibauern.} g4 50. c7 Qf3+ 51. Kd2 g3 52. Kc2 $1 {Weiss
muss nicht eilen mit c8Q, wichtiger ist der Kampf gegen den schwarzen g-Bauern.
} (52. c8=Q g2 53. Kc2 (53. Rb1 Qf2+ $19 {[%csl Rd2]})) 52... Qg4 (52... g2 53.
Rb1 $15 (53. c8=Q g1=Q $17)) (52... Qf2+ $2 53. Bd2 g2 54. c8=Q g1=Q 55. Rb8
$18) 53. Rb1 {Nach diesem Zug es ist klar, dass Schwarz nicht gleichzeitig den
g-Bauern unterstützen und gegen den weissen c-Bauern kämpfen kann.} Qd7 54. Rg1
Qxc7 55. Rxg3+ $11 {Wer steht besser? Weiss kann nicht verlieren, da er mit
Rf6 eine feste Blockadestellung erreichen kann, und Schwarz mit der Dame kann
auch nicht schlechter stehen.} Kf8 56. Rf3 Ke8 57. Rf6 Qd7 {[%csl Gf6]} 58. Rb6
Qa4+ 59. Kb2 (59. Kd2 $11) 59... Qd1 60. Bb4 Qe2+ (60... Qxd3 61. Bc5 $11) 61.
Kc3 Qe1+ 62. Kc2 Qf2+ 63. Kc3 1/2-1/2

[Event "RUS-ch51"]
[Site "St Petersburg"]
[Date "1998.07.30"]
[Round "3"]
[White "Filippov, Valerij"]
[Black "Galkin, Alexander"]
[Result "1-0"]
[WhiteElo "2595"]
[BlackElo "2540"]
[Annotator "Ribli,Z"]
[PlyCount "77"]
[EventDate "1998.07.28"]
[EventType "swiss"]
[EventRounds "11"]
[EventCountry "RUS"]
[SourceTitle "CBM 067"]
[Source "ChessBase"]
[SourceDate "1998.11.30"]
[SourceVersion "2"]
[SourceVersionDate "1998.11.01"]
[SourceQuality "1"]

1. c4 c6 2. Nf3 d5 3. d4 e6 4. g3 Nf6 5. Bg2 Nbd7 (5... dxc4 $5) 6. O-O Be7 (
6... dxc4 7. Qc2 $14) 7. Qc2 O-O {Das ist eine Grundstellung der geschlossenen
Variante der Katalanischen Eröffnung. Schwarz nimmt nicht auf c4, hält die
Stellung geschlossen und möchte mit ...b6 / ...Bb7 oder ...b6 / ...Ba6 die
Entwicklung beenden. Sein nächster Schritt ist dann ...c6-c5, um Ausgleich zu
erzielen. Ribli.} 8. b3 b6 9. Rd1 Ba6 10. Nbd2 {Das ist ein gewöhnliches
Prinzip. Wenn Schwarz ...Bb7 gespielt hätte, würde der Springer hingegen nach
c3 gehören.} c5 (10... Rc8 11. e4 c5 12. exd5 exd5 13. Bb2 Bb7 14. Qf5 dxc4 15.
Nxc4 b5 16. Ne3 Re8 17. Ne5 Bxg2 18. Kxg2 Qc7 19. Nxd7 Nxd7 20. dxc5 Nxc5 21.
Nd5 Qc6 22. Rac1 Bf8 23. Qf3 Qa8 24. Ne3 {1/2-1/2 Haba,P-Ribli,Z/Staatsliga
2-Ost 1996 (24)}) 11. e4 {[#]} dxc4 (11... Rc8) 12. Nxc4 cxd4 13. Nxd4 $146 (
13. e5 Nd5 14. Rxd4 Rc8 15. a4 Qc7 16. Rg4 h5 17. Ng5 Bxg5 18. Rxg5 Bxc4 19.
Rxh5 f5 20. bxc4 Qxc4 21. Qd2 Nc5 22. Rh4 Qc3 23. Qxc3 Nxc3 24. Be3 Nd3 25. a5
Nxe5 26. axb6 axb6 27. Bxb6 Nc4 28. Ba7 Rfd8 {1/2-1/2 Stangl,M-Dizdar,G/
Austria 1997}) 13... Rc8 {[%cal Gc8c2]} 14. Qe2 (14. e5 Nd5 $13 (14... Nxe5 15.
Nxe6)) 14... Qc7 15. Bf4 Bxc4 (15... e5 16. Nf5 $14) 16. bxc4 e5 $13 (16...
Qxc4 17. Qxc4 Rxc4 {Schwarz hat einen Mehrbauern, aber Weiß Initiative im
Zentrum.} 18. e5 Nd5 (18... Bc5 19. Nc6 Nd5 20. Bxd5 exd5 21. Rxd5 $14) 19.
Bxd5 exd5 20. Nf5 Re8 (20... Bc5 21. Rxd5 $14) 21. Rxd5 Nf8 22. Nxe7+ Rxe7 23.
Rd8 h6 (23... Rc2 24. Rc1 Rxc1+ 25. Bxc1 Rd7 26. Rc8 Rd3 27. Kf1 {[%csl Gc8,
Rf8,Rg8] Weiß droht Ke2 nebst Ba3.}) 24. Rad1 $14 {[%csl Gd1,Gd8,Rf8]}) 17. Nf5
{Weiß hat ein starkes Springerfeld auf f5, aber Schwarz die bessere
Bauernstruktur ohne Schwächen.} Nc5 (17... Bd8 $5 18. Bg5 (18. Bc1 Qxc4 19. Qf3
$44) 18... Qxc4 19. Qf3 $44 (19. Qxc4 Rxc4)) 18. Bd2 Ne6 $11 {[%csl Yd4,Ge6,
Gf5,Rg2][%cal Ge6d4] Schwarz übt starke Kontrolle über das Feld d4 aus,
während der weiße Springer f5 allein keine Gefahr darstellt.} 19. Bc3 (19.
Nxe7+ Qxe7 20. Bc3 Nc5 $11 (20... Qc7 $11)) 19... Bc5 20. Kh1 Rfd8 (20... g6 $5
21. Ne3 (21. Nh6+ Kg7) 21... Bd4 $15 {[%csl Gd4]}) 21. f4 $1 $13 {[%csl Gf5]
[%cal Gc3g7] Weiß öffnet die Stellung für sein Läuferpaar.} exf4 22. e5 Rxd1+ (
22... Nd7 23. Rd5 fxg3 24. hxg3 $44 {[%csl Gd5,Ge6,Gf5] Weiß hat Initiative am
Königsflügel.}) 23. Rxd1 Ne8 (23... Nd7 24. gxf4 Nxf4 25. Qg4 {[%csl Gd7,Gf5,
Gg4,Rg8]} Ne6 (25... Ng6 26. Rxd7 Qxd7 27. Nh6+ $18 {[%cal Rg4d7,Gh6g8]}) 26.
Nxg7 $18 {[%csl Rd7,Gg4,Gg7,Rg8]}) 24. Qg4 {[%csl Gg4]} fxg3 (24... Be3 25. Rf1
$40) 25. Rf1 $44 Kh8 (25... Bf2 26. Bd5 $44 {[%csl Gd5,Gg4,Gg8]}) 26. hxg3 Qd7
27. Be4 {Weiß hat einen Bauern weniger, übt aber Druck gegen den schwarzen
Königsflügel aus.} Bf8 (27... Qa4 $6 28. Nh6 {[%csl Rf7,Rh8]} gxh6 29. Qf5 {
[%cal Re4h7]} Ng5 (29... Nf8 30. e6+ f6 31. Bxf6+ Nxf6 32. Qxf6+ Kg8 33. Bd5
$18 {[%csl Gd5,Rg8]}) 30. e6+ f6 31. Bxf6+ Nxf6 32. Qxf6+ Kg8 33. Bd5 Be7 34.
Qxe7 $18) {[#]} 28. Nh6 $5 gxh6 29. Qf5 f6 (29... Ng5 $2 30. e6+ $18 {[%cal
Rc3h8,Re6d7]}) 30. exf6 Qf7 31. Bd5 N8c7 32. Be5 (32. Bxe6 Nxe6 33. Qxe6 Qxe6
34. f7+ Bg7 35. f8=Q+ Rxf8 36. Rxf8+ Qg8 $17) 32... Nxd5 $2 {Nach diesem
Fehler gerät Schwarz in eine schwierige Lage.} (32... Rd8 $5 33. Bxc7 Qxc7 34.
Qxe6 {[%cal Rd5g8]} Qxg3 $132) 33. cxd5 $16 Re8 (33... Ng5 34. Qxc8 Qxd5+ 35.
Kg1 Kg8 $14) 34. dxe6 Rxe6 (34... Qxe6 {Jetzt hätte Weiß zwei
Gewinnmöglichkeiten.} 35. f7+ (35. Qxe6 Rxe6 36. Ba1 $18) 35... Qxe5 36. fxe8=Q
$18) 35. Rd1 Rc6 (35... Kg8 36. Qg4+ Kh8 37. Rd7 Qxd7 38. f7+ $18) 36. Kg2 Rc5
(36... Qxa2+ 37. Kh3) 37. Rd7 $18 {[%csl Gd7,Ge5,Gf5,Gf6,Rh8] Der weiße
Angriff entscheidet die Partie. Schwarz ist verteidigungslos.} Qxa2+ (37...
Rxe5 38. Rxf7 Rxf5 39. Rxf8#) 38. Kh3 {[%csl Gh3,Rh8]} Rxe5 39. Qxe5 {Schwarz
gab die hoffnungslose Stellung auf, obwohl Weiß ihn nicht sofort Matt setzte.}
(39. Qxh7#) 1-0

[Event "WchT 5th"]
[Site "Yerevan"]
[Date "2001.10.13"]
[Round "2.3"]
[White "Bogdanovski, Vlatko"]
[Black "Lputian, Smbat G"]
[Result "0-1"]
[WhiteElo "2430"]
[BlackElo "2618"]
[Annotator "Ribli,Z"]
[PlyCount "118"]
[EventDate "2001.10.12"]
[EventType "team-tourn"]
[EventRounds "9"]
[EventCountry "ARM"]
[SourceTitle "CBM 086"]
[Source "ChessBase"]
[SourceDate "2002.02.05"]
[SourceVersion "1"]
[SourceVersionDate "2002.02.05"]
[SourceQuality "1"]
[WhiteTeam "Macedonia"]
[BlackTeam "Armenia"]
[WhiteTeamCountry "MKD"]
[BlackTeamCountry "ARM"]

1. Nf3 d5 2. d4 e6 3. c4 Nf6 4. g3 Be7 5. Bg2 O-O 6. O-O Nbd7 {Schwarz spielt
die geschlossene Variante der Katalanischen Eröffnung - er nimmt nicht auf c4,
zuerst möchte er die Entwicklung des Damenflügels beenden und im folgenden mit
c7-c5 das Spiel ausgleichen.} 7. Qc2 c6 8. b3 b6 9. Rd1 {Das ist ein schlauer
Turmzug - Weiss wartet mit der Entwicklung des c8-Läufers: im Falle von 9...
Ba6 (die Partiefortsetzung) entwickelt Weiß den Springer auf d2 und im Falle
von 9...Bb7 kann Weiß Nc3 spielen.} Ba6 10. Nbd2 Rc8 {Schwarz bereitet den Zug
11...c5 vor, aber das sofortige 10...c5!? kommt auch stark in Betracht.} (10...
c5 $5 11. Bb2 (11. e4 dxc4 12. bxc4 (12. Nxc4 cxd4 13. Nxd4 Rc8 14. Qe2 Qc7 15.
Bf4 Bxc4 16. bxc4 e5 17. Nf5 Nc5 (17... Rfe8 $5 18. Bg5 h6 19. Bxf6 Nxf6 20.
Ne3 $11) 18. Bd2 Ne6 19. Bc3 Bc5 {1-0 Filippov,V-Galkin,A/Russia (ch) 1998/OPN,
E09/[Ribli] (38)}) 12... cxd4 13. e5 Ng4 14. Qe4 h5 15. h3 Nc5 16. Qxd4 Nh6 17.
Ba3 Qc7 18. Bxc5 bxc5 19. Qc3 Rad8 {0-1 Huebner,R-Anand,V/Dortmund GER 2000/78
multimedia (39)}) 11... cxd4 12. Nxd4 Rc8 13. a4 Qc7 14. Nb5 Qb8 15. e4 Bb7 16.
exd5 exd5 17. Qf5 a6 18. Nd4 dxc4 19. Bxb7 Qxb7 20. Nxc4 Rfd8 21. Qf4 Nd5 22.
Qf3 Nc5 23. Nf5 Bf8 24. Nh6+ {1-0 Horvath,C-Lau,R/Qual_Stl_A 2001 (24)}) 11. e4
{Mit dieser Fortsetzung muss Weiß das Spiel öffnen.} Bb7 {Schwarz möchte die
Stellung geschlossen halten und in geschlossenen Stellungen ist der
Tempoverlust ( 9...Ba6 und 11...Bb7) nicht wesentlich.} (11... c5 12. exd5 exd5
13. Nf1 (13. Bb2) 13... cxd4 (13... dxc4 14. d5 Ne8 15. bxc4 Nd6 16. Ne3 Re8 (
16... b5 $5) 17. Bf1 (17. a4 $5 $14) 17... b5 $132 {1/2-1/2 Delchev,A-Hansen,L/
Istanbul 2000/EXT 2001/[Ribli] (85)}) (13... b5 14. Ne3 bxc4 15. bxc4 cxd4 16.
Nxd4 Bxc4 17. Nxc4 Rxc4 18. Qb3 Nc5 19. Qf3 Nce4 20. Be3 Nc3 21. Rd3 Nfe4 22.
Nb3 Bf6 23. Bd4 {1-0 Rama,L-Miladinovic,I/Istanbul TUR 2001/(43)}) 14. Nxd4 b5
15. Ne3 Nb6 (15... bxc4 16. Nxd5 Nxd5 17. Bxd5 cxb3 18. Qxb3 Bf6 19. Ba3 Nc5
20. Bxc5 Rxc5 21. Ne6 {1-0 Stohl,I-Dydyshko,V/Zakopane chT 2000/(26)}) 16. Qd2
bxc4 17. Qa5 Bb7 18. Qxa7 Ba8 19. Nef5 Bc5 20. Ba3 Rc7 21. Qa5 Bxa3 22. Qxa3 g6
23. Ne3 {1/2-1/2 Stohl,I-Kosten,A/Mainz GER 2001/(31)}) 12. Bb2 Qc7 $5 {
Wenn der gegnerische Läufer schon auf b2 steht, kann die Dame auf c7
erscheinen, es gibt dann keine Möglichkeit für Bf4.} 13. Rac1 {[%cal Gc1c8]}
Qb8 14. e5 (14. Qb1) 14... Ne8 15. Nf1 {[%cal Gf1e3] Dieser Zug scheint ein
wenig schablonenhaft für mich - es wäre besser zuerst mit 15.h4 den schwarzen
Königsflügel zu provozieren.} (15. h4 $5 {Nach diesem Zug muss Schwarz immer
mit Ng5 rechnen.} h6 16. Nf1 c5 (16... Nc7 17. Ne3 Rfe8 18. Qe2 Qa8 19. Nh2 $14
{[%cal Gf2f4]}) 17. Qe2 (17. Ne3 cxd4 18. Rxd4 Bc5 19. Rd3 Bxe3) 17... dxc4 18.
d5 $36 (18. Qxc4 $11)) 15... Nc7 {Weiss hat großen Raumvorteil, aber die
schwarze Stellung ist fest und der Nachziehende kann auf c6-c5 spielen.} 16.
Ne3 (16. h4 Rfd8 17. Ng5 Nf8 $13 {[%cal Gc6c5]}) 16... Rfd8 17. cxd5 {Es gibt
nichts Besseres für Weiß, als die Vereinfachung im Zentrum. Sonst muss Weiß
immer mit den Komplikationen des Zuges c6-c5 rechnen.} cxd5 $11 {[%cal Gc8c2]}
(17... exd5 $2 18. Nf5 $16) (17... Nxd5 $11) 18. Qb1 Ba6 {[%csl Ga6][%cal
Ga6f1] Der früher passive Läufer steht aktiv auf der Diagonale a6-f1.} 19. h4 {
Jetzt ist dieser Zug schwaecher als vorher - nach Ng5 kann Schwarz immer Nf8
ziehen.} Qb7 20. a3 Bb5 {Mit kleinen Zügen verbessert Schwarz seine Stellung.}
21. Ng5 Nf8 (21... g6) 22. Nh3 {[%cal Gh3f4]} a5 $1 {[%mdl 32] Droht 23...a4,
und wenn Weiß von selbst a3-a4 spielt (wie in der Partie), muss er mit der
Schwächung des b4-Punktes rechnen.} 23. a4 Be8 {[%csl Yb4]} (23... Ba6 $11) 24.
Qa1 {[%cal Gb2a3,Ga3e7] Es scheint, dass der b2B nicht die beste Figur in der
weißen Stellung ist, so möchte Weiß den Läufer mit 25.Ba3 tauschen.} Na6 {
[%cal Ga6b4]} 25. Bf1 {Es ist wahr, dass der Läufer auf g2 war passiv bei der
d5-Bauernstellung.} (25. Ba3 Nb4) 25... Nb4 26. Nf4 Nd7 27. Nd3 Nc6 (27... Nxd3
28. Bxd3 Nb8 29. Ba3 Bxa3 30. Qxa3 Na6 $11) 28. Nc2 Ndb8 {[%cal Gb8a6,Ga6b4]}
29. Ba3 Na6 30. Bxe7 Qxe7 {Schwarz hat eine bequeme Stellung und kontrolliert
stark das b4-Feld.} 31. Nde1 Nab8 (31... Nab4 32. Bb5 $11) 32. Na3 f6 $5 {
Wie in der Französischen Verteidigung (Grossmeister Lputian spielt gern 1.e4
e6 mit Schwarz) sprengt der Nachziehende die Stellung mit f7-f6.} 33. exf6 Qxf6
34. Nb5 (34. Bh3 $11) (34. Bg2 $11) 34... Na6 35. Nd3 Nab4 36. Nf4 (36. Nxb4
Nxb4 37. Rxc8 Rxc8 38. Nd6 Rd8 39. Nxe8 Rxe8 $11) 36... Bg6 {Droht 37...Bc2
mit Materialgewinn.} 37. Bh3 (37. Nxg6 Qxg6 $11) 37... Bf5 38. Bxf5 Qxf5 39.
Qb2 e5 $36 {Schwarz beschäftigt sich nicht mit dem isolierten d-Bauern, er
spielt auf Aktivität am Königsflügel.} 40. dxe5 Nxe5 {[%csl Yf3,Rg1]} 41. Qe2
$6 (41. Nd4 Qg4 42. Qe2 $11) 41... Rxc1 42. Rxc1 d4 {[%csl Gd4] Der d-Bauer
ist sehr stark - Weiß hat Probleme mit seiner Figurenkoordination.} 43. Rd1 d3
$17 {[%csl Gd3]} 44. Qe3 Qg4 {[%mdl 2048]} 45. Nc3 Nf3+ 46. Kg2 $2 (46. Kh1 Rc8
$17) 46... Nxh4+ 47. Kf1 (47. Kh2 g5 48. Qxb6 Rf8 49. Ne6 Nf3+ 50. Kg2 Re8 $17)
47... Nf3 (47... Ng6 $1 48. Qxb6 Rc8 49. Nxg6 hxg6 $19) 48. Kg2 (48. Qxb6 Rf8
49. Qe6+ Qxe6 50. Nxe6 Re8 $15) 48... Ng5 49. Nxd3 Rf8 $2 (49... Nc2 $1 {
Dieser Zug kommt mit Tempo und entscheidet die Partie.} 50. Qf4 Qh3+ 51. Kg1
Nd4 $19) 50. Nf4 $11 h6 51. Rd2 {Mit diesem Zug verteidigt sich Weiß gegen Nc2,
und wegen der g4-Dame steht der Turm auch besser auf d2.} Qc8 52. Ncd5 Nxd5 53.
Rxd5 (53. Nxd5 Qh3+ 54. Kg1 Nf3+ $19) 53... Qc6 {Droht 54...Rxf4 mit
sofortigem Gewinn.} 54. Qd3 Qb7 55. Kg1 (55. f3 $11) 55... Qc6 56. Qg6 Qb7 (
56... Qxg6 57. Nxg6 $11) 57. Rxg5 $2 {Warum opfert Weiß die Qualität?} (57. Qd3
$11) 57... hxg5 58. Ne6 (58. Qxg5 Qe4 $17) 58... Rc8 $19 59. Kh2 (59. Nxg5 Rc1+
$18) 59... Qf7 (59... Qf7 60. Qxf7+ Kxf7 61. Nxg5+ Kg6 62. Ne4 Rc2 $19 {
[%csl Rb3][%cal Rc2b2,Rb2b3]}) 0-1